Las luchas de nuestros días : (Record no. 162033)

MARC details
000 -LEADER
campo de control de longitud fija 00937nam a22002535i 4500
001 - NÚMERO DE CONTROL
campo de control 162033
003 - IDENTIFICADOR DE NÚMERO DE CONTROL
campo de control ES-MaACL
005 - FECHA Y HORA DE LA ÚLTIMA TRANSACCIÓN
campo de control 20240608063003.0
008 - DATOS DE LONGITUD FIJA--INFORMACIÓN GENERAL
campo de control de longitud fija 940301s1890 sp |||| | spa d
040 ## - FUENTE DE CATALOGACIÓN
Lengua de catalogación spa
Centro/agencia transcriptor ES-MaACL
080 ## - NÚMERO DE LA CLASIFICACIÓN DECIMAL UNIVERSAL
Número de la Clasificación Decimal Universal 821.134.2-83"18"
100 1# - ENTRADA PRINCIPAL--NOMBRE DE PERSONA
Nombre de persona Pi y Margall, Francisco,
Fechas asociadas al nombre 1824-1901
9 (RLIN) 91732
Término indicativo de función/relación Autor
245 14 - MENCIÓN DEL TÍTULO
Título Las luchas de nuestros días :
Resto del título primeros diálogos /
Mención de responsabilidad, etc. por F. Pi y Margall.
260 ## - PUBLICACIÓN, DISTRIBUCIÓN, ETC.
Lugar de publicación, distribución, etc. Madrid :
Nombre del editor, distribuidor, etc. El Progreso Tipográfico,
Fecha de publicación, distribución, etc. 1890.
300 ## - DESCRIPCIÓN FÍSICA
Extensión 441 páginas ;
Dimensiones 19 cm.
530 ## - NOTA DISPONIBLE DE FORMULARIO FÍSICO ADICIONAL
Nota de formato físico adicional disponible Disponible en formato digital
852 ## - LOCALIZACIÓN
Ubicación ES-MaACL
Ubicación en estantería Sala Palomar
Número de control de estantería C-3568
Encuadernación Holandesa
852 ## - LOCALIZACIÓN
Ubicación ES-MaACL
Ubicación en estantería Sala Pecera Planta 2
Número de control de estantería F-10366
Encuadernación Pasta española
852 ## - LOCALIZACIÓN
Ubicación ES-MaACL
Ubicación en estantería Sala Palomar
Número de control de estantería C-3571
Encuadernación Holandesa
857 ## - LOCALIZACIÓN Y ACCESO ELECTRÓNICOS_2
Identificador Uniforme de Recursos <a href="http://bdh-rd.bne.es/viewer.vm?id=0000204493&page=1">http://bdh-rd.bne.es/viewer.vm?id=0000204493&page=1</a>
Texto de enlace Versión en línea
Nota pública (Biblioteca Digital Hispánica)
942 ## - ELEMENTOS DE ENTRADA SECUNDARIOS (KOHA)
Tipo de ítem Koha Libro impreso antiguo
Suprimir en OPAC No
Holdings
Estatus retirado Estado de pérdida Estado de daño No para préstamo Colección Biblioteca de origen Biblioteca actual Ubicación en estantería Fecha de adquisición Fuente de adquisición Total de préstamos Signatura topográfica completa Código de barras Visto por última vez Precio de reemplazo Tipo de ítem Koha
        Libros del s. XIX Biblioteca del Ateneo de Madrid Biblioteca del Ateneo de Madrid Depósito 2 17/01/2008     C-3571 1169738 23/02/2023 23/02/2023 Libro impreso antiguo
        Libros del s. XIX Biblioteca del Ateneo de Madrid Biblioteca del Ateneo de Madrid Sala Palomar 17/01/2008     C-3568 1169736 23/02/2023 23/02/2023 Libro impreso antiguo
        Libros del s. XIX Biblioteca del Ateneo de Madrid Biblioteca del Ateneo de Madrid Sala Pecera Planta 2 17/01/2008     F-10366 1169737 23/02/2023 23/02/2023 Libro impreso antiguo